Statistics for Capital of Russian Federal Subjects (Full Version)

Click here to take the quiz!

General Stats

  • This quiz has been taken 65 times
  • The average score is 56 of 79

Answer Stats

TypeNameCapital% Correct
OblastArkhangelskArkhangelsk
88%
OblastBelgorodBelgorod
88%
OblastIrkutskIrkutsk
88%
OblastMagadanMagadan
88%
OblastOmskOmsk
88%
OblastChelyabinskChelyabinsk
85%
OblastKaliningradKaliningrad
85%
OblastKirovKirov
85%
OblastKostromaKostroma
85%
OblastKurskKursk
85%
OblastMurmanskMurmansk
85%
OblastNovosibirskNovosibirsk
85%
OblastTomskTomsk
85%
OblastAstrakhanAstrakhan
82%
OblastBryanskBryansk
82%
OblastIvanovoIvanovo
82%
RepublicTatarstanKazan
82%
OblastKemerovoKemerovo
82%
OblastKurganKurgan
82%
OblastLipetskLipetsk
82%
OblastNizhny NovgorodNizhny Novgorod
82%
OblastOrenburgOrenburg
82%
OblastPskovPskov
82%
OblastRostovRostov-on-Don
82%
OblastRyazanRyazan
82%
OblastSaratovSaratov
82%
OblastTulaTula
82%
OblastTverTver
82%
OblastTyumenTyumen
82%
OblastNovgorodVeliky Novgorod
82%
OblastVologdaVologda
82%
OblastKalugaKaluga
79%
OblastOryolOryol
79%
OblastPenzaPenza
79%
OblastSamaraSamara
79%
OblastSmolenskSmolensk
79%
OblastTambovTambov
79%
OblastUlyanovskUlyanovsk
79%
OblastVladimirVladimir
79%
OblastVolgogradVolgograd
79%
OblastVoronezhVoronezh
79%
RepublicSakhaYakutsk
79%
OblastYaroslavlYaroslavl
79%
KraiKrasnoyarskKrasnoyarsk
76%
KraiPermPerm
76%
RepublicBashkortostanUfa
76%
RepublicChechenGrozny
74%
KraiKhabarovskKhabarovsk
74%
KraiKrasnodarKrasnodar
74%
KraiPrimorskyVladivostok
74%
KraiStavropolStavropol
71%
OblastSverdlovskYekaterinburg
71%
OblastSakhalinYuzhno-Sakhalinsk
68%
KraiZabaykalskyChita
65%
RepublicBuryatiaUlan-Ude
65%
RepublicDagestanMakhachkala
62%
Autonomous OkrugChukotkaAnadyr
59%
KraiKamchatkaPetropavlovsk-Kamchatsky
59%
RepublicKalmykiaElista
56%
RepublicTuvaKyzyl
56%
RepublicKomiSyktyvkar
56%
KraiAltaiBarnaul
53%
Autonomous OblastJewishBirobidzhan
53%
RepublicUdmurtiaIzhevsk
53%
RepublicAdygeaMaykop
53%
OblastAmurBlagoveshchensk
50%
RepublicKareliaPetrozavodsk
50%
RepublicNorth Ossetia-AlaniaVladikavkaz
50%
RepublicAltai (Rep. of)Gorno-Altaysk
47%
RepublicKabardino-BalkariaNalchik
47%
RepublicKhakassiaAbakan
44%
RepublicChuvashCheboksary
44%
Autonomous OkrugKhanty-MansiKhanty-Mansiysk
44%
Autonomous OkrugYamalo-NenetsSalekhard
44%
RepublicMari ElYoshkar-Ola
44%
RepublicKarachay-CherkessiaCherkessk
41%
Autonomous OkrugNenetsNaryan-Mar
41%
RepublicMordoviaSaransk
41%
RepublicIngushetiaMagas
32%

Score Distribution

Percentile by Number Answered

Percent of People with Each Score

Your Score History

You have not taken this quiz